Statistiken für Länder mit den Meisten Inseln Über 1000 Km²

Klicken Sie hier um das Quiz zu spielen!

Allgemein

  • Dieses Quiz wurde 294 mal gespielt
  • Das Durchschnittsergebnis liegt bei 15 aus 21

Antwortstatistiken

#Land% Korrekt
47Indonesien
96%
49Kanada
96%
21Vereinigte Staaten
95%
5Japan
93%
27Russland
92%
9Australien
84%
13Philippinen
83%
6Norwegen
81%
3Neuseeland
80%
4Dänemark
79%
4Frankreich
78%
4Spanien
77%
4Vereinigtes Königreich
77%
4Griechenland
74%
7Brasilien
71%
3Indien
71%
15Chile
68%
8Papua-Neuguinea
52%
5Bahamas
29%
6Salomonen
25%
9Grönland
8%

Verteilung der Resultate

Perzentil nach korrekt beantworteten Fragen

Anzahl Personen mit jedem Resultat

Ihre Resultats-Entwicklung

Sie haben dieses Quiz noch nicht gespielt